| 000 | 00772nam a2200217 a 4500 | ||
|---|---|---|---|
| 001 | 000018873 | ||
| 005 | 20200929165856.0 | ||
| 008 | 100520s1975 dr 000 1 spa d | ||
| 040 |
_aDO-SdBNP _bspa _cBNPHU |
||
| 082 |
_a920.72 _bO49c |
||
| 100 | 1 |
_aOlivier, Maritza _940652 |
|
| 245 | 1 | 0 |
_aCinco siglos con la mujer dominicana / _cMaritza Olivier, prólogo Colombina de Castellanos. |
| 260 |
_aSanto Domingo : _b[et al.], _c1975. |
||
| 300 |
_a150 p. ; _c22 cm. |
||
| 500 | _aIncluye datos biográficos de la autora en la contracubierta | ||
| 650 | 4 |
_aMujeres _zRepública Dominicana _xBiografías _935782 |
|
| 650 | 4 |
_aMujeres en el desarrollo social _921073 |
|
| 650 | 4 |
_aMujeres _xActitudes _940653 |
|
| 700 | 1 |
_aCastellanos, Colombina _epról. _940654 |
|
| 049 | _aBNPD | ||
| 999 |
_c18391 _d18391 |
||